[Event "St Veit op 41st"]
[Site "St Veit"]
[Date "2022.07.11"]
[Round "4"]
[White "Bethke, Robert"]
[Black "Merei, David"]
[Result "1-0"]
[WhiteElo "2070"]
[BlackElo "1839"]
[PlyCount "83"]
[EventDate "2022.07.09"]
[EventType "swiss"]
[EventRounds "9"]
[EventCountry "AUT"]
[SourceTitle "CBM 209 Extra"]
[Source "ChessBase"]
[SourceDate "2022.09.30"]
[SourceVersion "1"]
[SourceVersionDate "2022.09.30"]
[SourceQuality "1"]

1. d4 d5 2. c4 e6 3. Nc3 Nf6 4. Nf3 Be7 5. Bf4 c5 6. e3 0-0 7. Be2 Nc6 8. dxc5 Bxc5 9. cxd5 exd5 10. 0-0 Bf5 11. Bg5 Be6 12. Rc1 Be7 13. Nd4 h6 14. Bh4 Qb6 15. Na4 Qb4 16. a3 Qd6 17. Bg3 Qd7 18. Bb5 Rac8 19. Nxc6 bxc6 20. Ba6 Rce8 21. Qc2 Ne4 22. b4 Nxg3 23. hxg3 Bf5 24. Nc5 Bxc5 25. Qxc5 Re6 26. Rfd1 Be4 27. f3 Bh7 28. e4 Rg6 29. exd5 Rxg3 30. dxc6 Qh3 31. Qf2 Bf5 32. c7 Rg6 33. Rd6 Rxd6 34. gxh3 Rxa6 35. Qc5 Bxh3 36. b5 Rg6+ 37. Kh2 Bc8 38. Rd1 Rg5 39. Qe7 Rh5+ 40. Kg3 f5 41. Rd8 f4+ 42. Kf2 1-0

[Event "BL2-West 2122"]
[Site "Germany"]
[Date "2022.07.03"]
[Round "10.8"]
[White "Bethke, Robert"]
[Black "Marcziter, Dmitrii"]
[Result "1/2-1/2"]
[WhiteElo "2070"]
[BlackElo "2227"]
[PlyCount "55"]
[EventDate "2022.03.05"]
[EventType "team-tourn"]
[EventRounds "10"]
[EventCountry "GER"]
[SourceTitle "EXT 2023"]
[Source "ChessBase"]
[SourceDate "2022.10.05"]
[SourceVersion "1"]
[SourceVersionDate "2022.10.05"]
[SourceQuality "1"]
[WhiteTeam "Neuberg"]
[BlackTeam "Koeln Porz"]
[WhiteTeamCountry "GER"]
[BlackTeamCountry "GER"]

1. d4 d5 2. c4 e6 3. Nc3 c5 4. cxd5 exd5 5. Nf3 Nc6 6. e3 Nf6 7. dxc5 Bxc5 8. Be2 0-0 9. 0-0 a6 10. a3 Qd6 11. b4 Ba7 12. Bb2 Rd8 13. Qc2 Qe7 14. Rfe1 Bg4 15. Rad1 h6 16. Qb3 Be6 17. Nd4 Nxd4 18. exd4 Rac8 19. Na4 Bb8 20. Nc5 Ne4 21. g3 Bf5 22. Bf3 Rc6 23. Nxe4 dxe4 24. d5 Rcd6 25. Qc4 Re8 26. Qd4 f6 27. Bg2 b5 28. Qe3 1/2-1/2

[Event "BL2-West 2122"]
[Site "Germany"]
[Date "2022.07.02"]
[Round "9.8"]
[White "Huhndorf, Arnold"]
[Black "Bethke, Robert"]
[Result "0-1"]
[WhiteElo "2186"]
[BlackElo "2070"]
[PlyCount "46"]
[EventDate "2022.03.05"]
[EventType "team-tourn"]
[EventRounds "10"]
[EventCountry "GER"]
[SourceTitle "EXT 2023"]
[Source "ChessBase"]
[SourceDate "2022.10.05"]
[SourceVersion "1"]
[SourceVersionDate "2022.10.05"]
[SourceQuality "1"]
[WhiteTeam "Remagen Sinzig"]
[BlackTeam "Neuberg"]
[WhiteTeamCountry "GER"]
[BlackTeamCountry "GER"]

1. d4 d6 2. c4 e5 3. d5 g6 4. Nc3 Bg7 5. e4 Ne7 6. h4 h5 7. Nh3 Bxh3 8. Rxh3 Nd7 9. Bd3 Nf6 10. b4 c6 11. Bg5 0-0 12. Qb3 Kh8 13. b5 Qd7 14. a4 Rac8 15. Na2 cxd5 16. cxd5 Nfxd5 17. exd5 e4 18. Rc1 exd3 19. Rxd3 Nf5 20. g3 Rfe8+ 21. Kf1 Nd4 22. Qd1 Qh3+ 23. Kg1 Ne2+ 0-1

[Event "BL2-West 2122"]
[Site "Germany"]
[Date "2022.03.05"]
[Round "1.7"]
[White "Bethke, Robert"]
[Black "Zelt, Jens"]
[Result "0-1"]
[WhiteElo "2074"]
[BlackElo "2083"]
[PlyCount "142"]
[EventDate "2022.03.05"]
[EventType "team-tourn"]
[EventRounds "10"]
[EventCountry "GER"]
[SourceTitle "EXT 2023"]
[Source "ChessBase"]
[SourceDate "2022.10.05"]
[SourceVersion "1"]
[SourceVersionDate "2022.10.05"]
[SourceQuality "1"]
[WhiteTeam "Neuberg"]
[BlackTeam "Dortmund Hansa"]
[WhiteTeamCountry "GER"]
[BlackTeamCountry "GER"]

1. c4 e5 2. Nc3 d6 3. g3 c6 4. d4 Nd7 5. Bg2 Be7 6. e3 Ngf6 7. Nge2 0-0 8. 0-0 Qc7 9. b3 Re8 10. Bb2 Nf8 11. Qc2 Bd7 12. Rad1 Rad8 13. Rfe1 Ng6 14. Qb1 Qc8 15. a3 Bh3 16. Bh1 h5 17. dxe5 dxe5 18. Ne4 Nh7 19. f3 Bf5 20. N2c3 Ng5 21. Bg2 a5 22. f4 exf4 23. exf4 Bc5+ 24. Kh1 Nxe4 25. Nxe4 Bf8 26. Qa1 h4 27. Ng5 hxg3 28. hxg3 Rxe1+ 29. Rxe1 Rd3 30. Kh2 Rxb3 31. Rd1 Qc7 32. Rd2 Qe7 33. Qd1 Qe3 34. Bf3 Rd3 35. Bc1 f6 36. Rxd3 Qxd3 37. Qxd3 Bxd3 38. Ne6 Bxc4 39. Nd8 Ba6 40. Bh5 Kh7 41. Ne6 Be7 42. Bg4 Kg8 43. Nc7 Bc4 44. Bc8 Bd6 45. Ne8 Bb8 46. Bxb7 Bd5 47. Bd2 Kf7 48. Nxg7 Kxg7 49. Bxa5 Nf8 50. Bc8 Ne6 51. Bb6 Nc7 52. a4 Bb3 53. a5 Bc4 54. Kg2 Na6 55. Kf3 Bd6 56. g4 Kg6 57. Bb7 Nb4 58. Bc8 Bd3 59. f5+ Kf7 60. Ke3 c5 61. Bd8 Bc4 62. Bd7 Be5 63. g5 fxg5 64. Bxg5 Bc7 65. Kd2 Bxa5 66. Kc3 Bd5 67. Be3 Nc6+ 68. Kb2 Nd4 69. Bc8 Kf6 70. Bd7 Ke5 71. Bg1 c4 0-1

[Event "Main Vogelsberg op 15th"]
[Site "Waechtersbach"]
[Date "2021.10.03"]
[Round "4.3"]
[White "Sever, Mustafa Batuhan"]
[Black "Bethke, Robert"]
[Result "1/2-1/2"]
[WhiteElo "2148"]
[BlackElo "2079"]
[PlyCount "34"]
[EventDate "2021.10.01"]
[EventType "swiss"]
[EventRounds "5"]
[EventCountry "GER"]
[SourceTitle "EXT 2023"]
[Source "ChessBase"]
[SourceDate "2022.10.05"]
[SourceVersion "1"]
[SourceVersionDate "2022.10.05"]
[SourceQuality "1"]

1. e4 e5 2. Bc4 Nf6 3. d3 Nc6 4. Nf3 Be7 5. 0-0 0-0 6. Re1 d6 7. a4 Bg4 8. h3 Bxf3 9. Qxf3 Nd4 10. Qd1 c6 11. c3 Ne6 12. Bb3 Qc7 13. Nd2 d5 14. Nf1 Rad8 15. Qf3 Rfe8 16. Bc2 g6 17. g3 dxe4 1/2-1/2

[Event "Main Vogelsberg op 15th"]
[Site "Waechtersbach"]
[Date "2021.10.02"]
[Round "2.15"]
[White "Wander, Dennis"]
[Black "Bethke, Robert"]
[Result "0-1"]
[WhiteElo "1714"]
[BlackElo "2079"]
[PlyCount "44"]
[EventDate "2021.10.01"]
[EventType "swiss"]
[EventRounds "5"]
[EventCountry "GER"]
[SourceTitle "EXT 2023"]
[Source "ChessBase"]
[SourceDate "2022.10.05"]
[SourceVersion "1"]
[SourceVersionDate "2022.10.05"]
[SourceQuality "1"]

1. e4 e5 2. Nf3 Nf6 3. Bc4 Nxe4 4. Nc3 Nc6 5. Nxe4 d5 6. Bb5 dxe4 7. Nxe5 Qd5 8. Bxc6+ bxc6 9. d4 Bd6 10. c4 Qe6 11. Nxc6 Qxc4 12. d5 Ba6 13. Be3 0-0 14. Rc1 Qxa2 15. b3 Bd3 16. Bd4 f6 17. Bc5 Bf4 18. Nb4 Qa5 19. Bxf8 Rxf8 20. Rc4 Bxc4 21. bxc4 Qxb4+ 22. Kf1 Qxc4+ 0-1

[Event "GER-chT Christmas U20"]
[Site "Playchess.com INT"]
[Date "2020.12.29"]
[Round "2.2"]
[White "Sieber, Fiona"]
[Black "Bethke, Robert"]
[Result "0-1"]
[WhiteElo "2275"]
[BlackElo "2100"]
[PlyCount "42"]
[EventDate "2020.12.29"]
[EventType "team-swiss (blitz)"]
[EventRounds "7"]
[EventCountry "GER"]
[SourceTitle "CBM 200 Extra"]
[Source "ChessBase"]
[SourceDate "2021.03.31"]
[SourceVersion "1"]
[SourceVersionDate "2021.03.31"]
[SourceQuality "1"]
[WhiteTeam "Magdeburg Aufbau Elbe"]
[BlackTeam "Neuberg"]
[WhiteTeamCountry "GER"]
[BlackTeamCountry "GER"]

1. e4 e5 2. Nf3 Nf6 3. Nxe5 d6 4. Nf3 Nxe4 5. Nc3 Nxc3 6. dxc3 Be7 7. Be3 Nc6 8. Qd2 Be6 9. 0-0-0 Bxa2 10. b3 a5 11. Kb2 a4 12. Kxa2 axb3+ 13. Kxb3 Ra5 14. Bc4 Qa8 15. Kb2 d5 16. Bxd5 Ba3+ 17. Kb1 Bd6 18. Kb2 Rb5+ 19. Bb3 Qa3+ 20. Kb1 Ra5 21. Bxf7+ Kf8 0-1

[Event "Pfalz op-A 11th"]
[Site "Neustadt an der Weinstrasse"]
[Date "2020.02.25"]
[Round "9"]
[White "Bethke, Robert"]
[Black "Yakimenko, Alexander A"]
[Result "0-1"]
[WhiteElo "2028"]
[BlackElo "2178"]
[PlyCount "100"]
[EventDate "2020.02.21"]
[EventType "swiss"]
[EventRounds "9"]
[EventCountry "GER"]
[SourceTitle "CBM 195 Extra"]
[Source "ChessBase"]
[SourceDate "2020.05.31"]
[SourceVersion "1"]
[SourceVersionDate "2020.05.31"]
[SourceQuality "1"]

1. c4 e5 2. Nc3 Nc6 3. g3 g6 4. Bg2 Bg7 5. e3 d6 6. Nge2 Bg4 7. d3 Qc8 8. Nd5 Nce7 9. Qa4+ Bd7 10. Qc2 c6 11. Nxe7 Nxe7 12. Bd2 Bh3 13. Bf3 0-0 14. Rg1 Bg4 15. Bg2 Qd7 16. f3 Be6 17. e4 d5 18. f4 dxc4 19. dxc4 b5 20. c5 Bc4 21. fxe5 Bxe5 22. Bc3 Bxc3+ 23. Qxc3 Rad8 24. Nf4 Rfe8 25. b3 Be6 26. Bf3 Qc8 27. g4 Qc7 28. Nh5 gxh5 29. gxh5+ Ng6 30. hxg6 fxg6 31. Rg3 Qf4 32. Rd1 a5 33. Rxd8 Rxd8 34. Ke2 b4 35. Qc2 Qe5 36. Ke1 Rd4 37. Rg2 Rd5 38. Be2 Rxc5 39. Qd1 Qc3+ 40. Kf2 Kg7 41. Rg3 Qe5 42. Bf3 Rc3 43. Kg2 Qc5 44. Be2 Rc1 45. Qd2 Rg1+ 46. Kf3 Qh5+ 47. Ke3 Rxg3+ 48. hxg3 Qg5+ 49. Kd3 Qxg3+ 50. Kc2 Qc3+ 0-1

[Event "GER-chT U16"]
[Site "Magdeburg"]
[Date "2019.12.28"]
[Round "4.4"]
[White "Bethke, Robert"]
[Black "Stirnberg, Noah"]
[Result "1-0"]
[WhiteElo "2046"]
[BlackElo "1877"]
[PlyCount "85"]
[EventDate "2019.12.27"]
[EventType "team-swiss"]
[EventRounds "7"]
[EventCountry "GER"]
[SourceTitle "CBM 194 Extra"]
[Source "ChessBase"]
[SourceDate "2020.03.31"]
[SourceVersion "1"]
[SourceVersionDate "2020.03.31"]
[SourceQuality "1"]
[WhiteTeam "Neuberg"]
[BlackTeam "Paderborn Blauer Springer"]
[WhiteTeamCountry "GER"]
[BlackTeamCountry "GER"]

1. c4 Nf6 2. Nc3 e6 3. Nf3 b6 4. g3 Bb7 5. Bg2 Be7 6. d4 0-0 7. 0-0 d6 8. Re1 Nbd7 9. b3 c5 10. e3 Ne4 11. Nxe4 Bxe4 12. Bb2 Bf6 13. Qd2 Qc7 14. Red1 Rfd8 15. Rac1 Qb7 16. Ne1 Bxg2 17. Nxg2 Kf8 18. dxc5 dxc5 19. Bxf6 Nxf6 20. Qxd8+ Rxd8 21. Rxd8+ Ke7 22. Rcd1 Qf3 23. Ne1 Qh5 24. R8d3 Ng4 25. Nf3 Qf5 26. e4 Qh5 27. Kg2 Ne5 28. Nxe5 Qxe5 29. Rd7+ Kf6 30. f3 Qb2+ 31. R1d2 Qc3 32. f4 Qe3 33. e5+ Kg6 34. h4 Kh5 35. Kh2 Kg6 36. Rg2 f6 37. Re7 Qe4 38. Rxe6 Kf7 39. Rd6 fxe5 40. fxe5 Qxe5 41. Rd7+ Kg6 42. Rxa7 Kh6 43. Rd7 1-0

[Event "Main Vogelsberg op 14th"]
[Site "Waechtersbach"]
[Date "2019.06.10"]
[Round "6"]
[White "Klundt, Klaus"]
[Black "Bethke, Robert"]
[Result "1-0"]
[WhiteElo "2192"]
[BlackElo "1996"]
[PlyCount "65"]
[EventDate "2019.06.07"]
[EventType "swiss"]
[EventRounds "7"]
[EventCountry "GER"]
[SourceTitle "CBM 190 Extra"]
[Source "ChessBase"]
[SourceDate "2019.07.15"]
[SourceVersion "1"]
[SourceVersionDate "2019.07.15"]
[SourceQuality "1"]

1. e4 e5 2. Nf3 Nf6 3. Nc3 Nc6 4. Bb5 d6 5. d4 exd4 6. Nxd4 Bd7 7. 0-0 Nxd4 8. Qxd4 Bxb5 9. Nxb5 c6 10. Nc3 Be7 11. Bf4 0-0 12. Rad1 Ne8 13. Rd3 Qb6 14. Qc4 Nf6 15. Rfd1 Rfe8 16. Qb3 Bf8 17. Qxb6 axb6 18. f3 d5 19. exd5 Nxd5 20. Nxd5 cxd5 21. a3 d4 22. Kf1 Rec8 23. R1d2 Bc5 24. Be5 f6 25. Bxd4 Re8 26. Bxc5 bxc5 27. Rd7 b5 28. Rb7 Rab8 29. Rdd7 Rxb7 30. Rxb7 b4 31. axb4 cxb4 32. Rxb4 Rc8 33. c4 1-0

[Event "Hessen-chA"]
[Site "Frankfurt"]
[Date "2019.06.02"]
[Round "7"]
[White "Bethke, Robert"]
[Black "Eurich, Jannik"]
[Result "1-0"]
[WhiteElo "2024"]
[BlackElo "1704"]
[PlyCount "49"]
[EventDate "2019.05.30"]
[EventType "swiss"]
[EventRounds "7"]
[EventCountry "GER"]
[SourceTitle "EXT 2020"]
[Source "ChessBase"]
[SourceDate "2019.10.17"]
[SourceVersion "1"]
[SourceVersionDate "2019.10.17"]
[SourceQuality "1"]

1. c4 Nf6 2. Nc3 e6 3. d4 d5 4. Nf3 c6 5. e3 Nbd7 6. Bd3 dxc4 7. Bxc4 b5 8. Bd3 Bb7 9. a3 a6 10. b4 Bd6 11. Qc2 0-0 12. 0-0 Qe7 13. Rb1 h6 14. Bd2 e5 15. Ne4 Nxe4 16. Bxe4 Rac8 17. Bc3 Rfe8 18. Rfe1 exd4 19. exd4 Qd8 20. Ne5 Nb6 21. Nxf7 Qc7 22. Bh7+ Kf8 23. Nxd6 Qxd6 24. Qf5+ Qf6 25. Qc5+ 1-0

[Event "Hessen-chA"]
[Site "Frankfurt"]
[Date "2019.05.31"]
[Round "3"]
[White "Bethke, Robert"]
[Black "Blaschke, Henri Johannes"]
[Result "1/2-1/2"]
[WhiteElo "2024"]
[BlackElo "1838"]
[PlyCount "36"]
[EventDate "2019.05.30"]
[EventType "swiss"]
[EventRounds "7"]
[EventCountry "GER"]
[SourceTitle "EXT 2020"]
[Source "ChessBase"]
[SourceDate "2019.10.17"]
[SourceVersion "1"]
[SourceVersionDate "2019.10.17"]
[SourceQuality "1"]

1. c4 e6 2. Nc3 d5 3. cxd5 exd5 4. d4 c6 5. Nf3 Bd6 6. e3 Ne7 7. Bd3 Bf5 8. 0-0 0-0 9. e4 dxe4 10. Nxe4 Bc7 11. Bg5 Kh8 12. Nc5 Bc8 13. Qc2 f6 14. Bh4 b6 15. Nb3 Ba6 16. Bxh7 Bxf1 17. Rxf1 Bf4 18. Re1 Na6 1/2-1/2

[Event "Staufer op 31st"]
[Site "Schwaebisch Gmuend"]
[Date "2019.01.04"]
[Round "6"]
[White "Baskin, Robert"]
[Black "Bethke, Robert"]
[Result "1-0"]
[WhiteElo "2364"]
[BlackElo "2000"]
[PlyCount "27"]
[EventDate "2019.01.02"]
[EventType "swiss"]
[EventRounds "9"]
[EventCountry "GER"]
[SourceTitle "CBM 188 Extra"]
[Source "ChessBase"]
[SourceDate "2019.02.26"]
[SourceVersion "1"]
[SourceVersionDate "2019.02.26"]
[SourceQuality "1"]

1. e4 e5 2. Nc3 Nc6 3. Bc4 Nf6 4. d3 h6 5. f4 Bb4 6. Nge2 d6 7. a3 Ba5 8. 0-0 Bb6+ 9. Kh1 Nd4 10. Nxd4 Bxd4 11. Qe1 Bd7 12. Ne2 Bb6 13. fxe5 dxe5 14. Qg3 1-0

[Event "GER-chT U16"]
[Site "Aurich"]
[Date "2018.12.29"]
[Round "6.2"]
[White "Bethke, Robert"]
[Black "Leonard, Timo"]
[Result "1/2-1/2"]
[WhiteElo "2000"]
[BlackElo "1833"]
[PlyCount "43"]
[EventDate "2018.12.27"]
[EventType "team-swiss"]
[EventRounds "7"]
[EventCountry "GER"]
[SourceTitle "CBM 188 Extra"]
[Source "ChessBase"]
[SourceDate "2019.02.26"]
[SourceVersion "1"]
[SourceVersionDate "2019.02.26"]
[SourceQuality "1"]
[WhiteTeam "Neuberg"]
[BlackTeam "Hemer"]
[WhiteTeamCountry "GER"]
[BlackTeamCountry "GER"]

1. c4 c6 2. Nc3 d5 3. cxd5 cxd5 4. d4 e5 5. e4 dxe4 6. Bb5+ Bd7 7. dxe5 Bb4 8. Bxd7+ Qxd7 9. Be3 Ne7 10. Nge2 0-0 11. 0-0 Bxc3 12. Nxc3 Qf5 13. Qa4 Nbc6 14. Qxe4 Qxe4 15. Nxe4 Nxe5 16. Rac1 N5c6 17. Rfd1 Rfd8 18. Nd6 Rd7 19. Nb5 Rxd1+ 20. Rxd1 a6 21. Nc3 Rd8 22. Rxd8+ 1/2-1/2

[Event "Heusenstamm Sparkassen op-A 5th"]
[Site "Heusenstamm"]
[Date "2018.11.25"]
[Round "7"]
[White "Bethke, Robert"]
[Black "Hoehne, Volkmar"]
[Result "1/2-1/2"]
[WhiteElo "2036"]
[BlackElo "1960"]
[PlyCount "53"]
[EventDate "2018.11.22"]
[EventType "swiss"]
[EventRounds "7"]
[EventCountry "GER"]
[SourceTitle "CBM 188 Extra"]
[Source "ChessBase"]
[SourceDate "2019.02.26"]
[SourceVersion "1"]
[SourceVersionDate "2019.02.26"]
[SourceQuality "1"]

1. c4 Nf6 2. Nc3 e5 3. Nf3 Nc6 4. g3 Bb4 5. Bg2 0-0 6. 0-0 Re8 7. d3 Bxc3 8. bxc3 e4 9. Ng5 exd3 10. exd3 h6 11. Ne4 d6 12. Nxf6+ Qxf6 13. d4 Bd7 14. Bf4 Na5 15. Rb1 Rab8 16. c5 b6 17. cxd6 cxd6 18. Qc1 Nc4 19. Rb4 Rbc8 20. Re1 g5 21. Rxe8+ Bxe8 22. Bh3 Rc7 23. Be3 Nxe3 24. Qxe3 Re7 25. Qd2 Bc6 26. d5 Bb7 27. Rb1 1/2-1/2

[Event "Heusenstamm Sparkassen op-A 5th"]
[Site "Heusenstamm"]
[Date "2018.11.24"]
[Round "5"]
[White "Bethke, Robert"]
[Black "Mehlen, Theodor"]
[Result "1-0"]
[WhiteElo "2036"]
[BlackElo "1919"]
[PlyCount "57"]
[EventDate "2018.11.22"]
[EventType "swiss"]
[EventRounds "7"]
[EventCountry "GER"]
[SourceTitle "CBM 188 Extra"]
[Source "ChessBase"]
[SourceDate "2019.02.26"]
[SourceVersion "1"]
[SourceVersionDate "2019.02.26"]
[SourceQuality "1"]

1. c4 Nf6 2. Nc3 e6 3. d4 d5 4. cxd5 exd5 5. Nf3 Ne4 6. e3 Bb4 7. Qc2 0-0 8. Bd3 Bxc3+ 9. bxc3 Bf5 10. h3 Bg6 11. Ne5 Re8 12. Nxg6 hxg6 13. Rb1 b6 14. c4 c6 15. 0-0 Nd7 16. cxd5 cxd5 17. Ba6 Ndf6 18. Ba3 Nd6 19. Rfc1 Re6 20. Qd3 Nfe8 21. Rc2 Nc7 22. Bxd6 Qxd6 23. Rbc1 Nxa6 24. Qxa6 Re7 25. Rc6 Qb4 26. Rc8+ Rxc8 27. Qxc8+ Kh7 28. Qd8 Re6 29. Qh4+ 1-0

[Event "Forchheim op 17th"]
[Site "Forchheim"]
[Date "2018.09.23"]
[Round "4"]
[White "Arnold, Max"]
[Black "Bethke, Robert"]
[Result "1/2-1/2"]
[WhiteElo "2267"]
[BlackElo "1937"]
[PlyCount "89"]
[EventDate "2018.09.21"]
[EventType "swiss"]
[EventRounds "5"]
[EventCountry "GER"]
[SourceTitle "EXT 2019"]
[Source "ChessBase"]
[SourceDate "2018.10.10"]
[SourceVersion "1"]
[SourceVersionDate "2018.10.10"]
[SourceQuality "1"]

1. e4 e5 2. Bc4 Nf6 3. d3 Nc6 4. Nf3 Bc5 5. 0-0 0-0 6. Bg5 h6 7. Bh4 Be7 8. Bg3 d6 9. a4 Bg4 10. h3 Bh5 11. c3 a5 12. Nbd2 Kh8 13. Re1 Nd7 14. Qb1 Nb6 15. Bb3 Bg5 16. Bc2 Nd7 17. Nxg5 Qxg5 18. Nf1 f5 19. exf5 Qxf5 20. d4 Qf7 21. dxe5 Ndxe5 22. Ne3 Rae8 23. Be4 Bg6 24. Bxg6 Nxg6 25. Qa2 Qxa2 26. Rxa2 Nce5 27. Rd1 Nf4 28. b4 axb4 29. cxb4 Ned3 30. Bxf4 Nxf4 31. b5 Re5 32. b6 cxb6 33. Rxd6 b5 34. Rb6 bxa4 35. Rxb7 Nd3 36. Ra7 Rc8 37. R7xa4 Rc1+ 38. Kh2 Nxf2 39. Rxf2 Rxe3 40. Rf7 Re6 41. Rg4 g5 42. Rb4 Kg8 43. Rd7 Rc8 44. Rb8 Rg6 45. Rc7 1/2-1/2